Central Library OPAC University of Rajshahi

Coffee, tea, and cocoa : (Record no. 43882)

MARC details
000 -LEADER
fixed length control field 00930nam a2200277 a 4500
001 - CONTROL NUMBER
control field 43882
003 - CONTROL NUMBER IDENTIFIER
rucl marc code BD-RjUL
005 - DATE AND TIME OF LATEST TRANSACTION
control field 20211209053751.0
008 - FIXED-LENGTH DATA ELEMENTS--GENERAL INFORMATION
fixed length control field 160628s1977 mdua 000 0 eng
020 ## - INTERNATIONAL STANDARD BOOK NUMBER
International Standard Book Number 0801818699
035 ## - SYSTEM CONTROL NUMBER
System control number (BD-RjUL)44000
040 ## - CATALOGING SOURCE
Original cataloging agency DLC
Transcribing agency DLC
Modifying agency BD-RjUL
Language of cataloging eng
041 ## - LANGUAGE CODE
Language code of text/sound track or separate title eng
082 00 - DEWEY DECIMAL CLASSIFICATION NUMBER
Classification number 380.14137
Edition number 23
Author mark and year SIC 1977
245 00 - TITLE STATEMENT
Title Coffee, tea, and cocoa :
Remainder of title market prospects and development lending /
Statement of responsibility, etc. Shamsher Singh ... [et al.]
260 ## - PUBLICATION, DISTRIBUTION, ETC. (IMPRINT)
Place of publication, distribution, etc. Baltimore :
Name of publisher, distributor, etc. Published for the World Bank [by] Johns Hopkins University Press,
Date of publication, distribution, etc. c1977.
300 ## - PHYSICAL DESCRIPTION
Pagination xii, 129 p. :
Illustrations ill. ;
Size 23 cm.
650 #0 - SUBJECT ADDED ENTRY--TOPICAL TERM
Topical term or geographic name as entry element Coffee industry.
9 (RLIN) 134829
Topical term or geographic name as entry element Cocoa trade.
9 (RLIN) 134841
Topical term or geographic name as entry element Tea trade.
9 (RLIN) 134830
Topical term or geographic name as entry element Economic assistance.
9 (RLIN) 134842
700 1# - ADDED ENTRY--PERSONAL NAME
Personal name Singh, Shamsher,
Dates associated with a name 1928-
710 2# - ADDED ENTRY--CORPORATE NAME
Corporate name or jurisdiction name as entry element World Bank.
9 (RLIN) 116756
942 ## - ADDED ENTRY ELEMENTS (KOHA)
Source of classification or shelving scheme Dewey Decimal Classification
Koha item type Books
Holdings
Lost status Source of classification or shelving scheme Damaged status Not for loan Collection code Permanent Location Current Location Shelving location Date acquired Source of acquisition Total Checkouts Full call number Date last seen Copy number Koha item type
  Dewey Decimal Classification     Non-fiction Central Library, University of Rajshahi Central Library, University of Rajshahi   08/12/1977 John Hopper   633.73 SIC 1977 28/06/2016 C-2 Books